The country’s that Alex has been to - Statistics

General Stats
  • This quiz has been taken 9 times
  • The average score is 5 of 6
Answer Stats
Hint Answer % Correct
The biggest country in south east Asia Indonesia
100%
Very cold and has hokido Japan
100%
Bangkok is in it Thailand
100%
Singapore’s neighbour Malaysia
88%
My daddy is in there USA
63%
My home Singapore
50%
No matching quizzes found
Score Distribution
Percent of People with Each Score
Percentile by Number Answered
Your Score History
You have not taken this quiz